000 00481nam a22001697a 4500
005 20231026130959.0
008 231026b |||||||| |||| 00| 0 eng d
020 _a0702115126
041 _aEnglish
082 _a346.7 KOC
100 _aKoch, RJ
_lEnglish
245 _aDamages for Lost Income /
_cRJ Koch
260 _aCape Town :
_bJuta & Co. Ltd,
_c1984
300 _bxxxii, 367 pages ;
_c26 cm.
650 _aLegal practice
_bLaw
942 _cBK
_6ALISON_BN_VRIES
999 _c89
_d89